| 000 | 00624nam a22002537a 4500 | ||
|---|---|---|---|
| 001 | 24002 | ||
| 003 | UA-OsUOA | ||
| 005 | 20230919154830.0 | ||
| 007 | ta | ||
| 008 | 20040204b un ||||| |||| 00| 0 ukr d | ||
| 020 | _a5-89826-088-9 | ||
| 040 |
_aUA-OsUOA _brus _cUA-OsUOA _dUA-OsUOA |
||
| 041 | _arus | ||
| 044 | _aRU | ||
| 080 | _a321.7 | ||
| 090 |
_a321.7 _bК41 |
||
| 100 | _aКин Дж. | ||
| 245 | _aДемократия и гражданское общество | ||
| 260 |
_aМосква _bПрогресс-Традиция _c2001 |
||
| 300 | _a400 с. | ||
| 650 | 7 | _2UDC | |
| 942 |
_cBK _2udc |
||
| 955 | _a0 | ||
| 999 |
_c310265 _d310265 |
||